书目信息 |
| 题名: |
文学:回忆与思考
|
|
| 作者: | 《文艺报》编辑部 编 | |
| 分册: | ||
| 出版信息: | 北京 人民文学出版社 1980.12 |
|
| 页数: | 584页 | |
| 开本: | 20cm | |
| 丛书名: | 《文艺报》丛刊之一 | |
| 单 册: | ||
| 中图分类: | I-5 | |
| 科图分类: | ||
| 主题词: | 文学 | |
| 电子资源: | ||
| ISBN: | ||
| 000 | 00642nam0 2200229 45 | |
| 001 | 0211151070 | |
| 005 | 20031219104100.2 | |
| 010 | @dCNY1.60 | |
| 091 | @a10019.3070 | |
| 100 | @a20021115d1980 km y0chiy0120 ea | |
| 101 | 0 | @achi |
| 105 | @a z 000zy | |
| 200 | 1 | @a文学:回忆与思考@AWen Xue:Hui Yi Yu Si Kao@f《文艺报》编辑部编@F《Wen Yi Bao》Bian Ji Bu Bian |
| 210 | @a北京@c人民文学出版社@d1980.12 | |
| 215 | @a584页@d20cm | |
| 225 | @a《文艺报》丛刊之一 | |
| 410 | @12001 @a《文艺报》丛刊之一 | |
| 606 | 0 | @a文学 |
| 690 | @aI-5@v3 | |
| 701 | 0 | @a《文艺报》编辑部@4编 |
| 801 | @aCN@bTSTC@c20021115 | |
| 905 | @b36126@dI-5@e29@f1 | |
| 文学:回忆与思考/《文艺报》编辑部编.-北京:人民文学出版社,1980.12 |
| 584页;20cm.-(《文艺报》丛刊之一) |
| ISBN :CNY1.60 |
| ● |
| 相关链接 |
|
|
|
|
正题名:文学:回忆与思考
索取号:I-5/29
 
预约/预借
| 序号 | 登录号 | 条形码 | 馆藏地/架位号 | 状态 | 备注 |
| 1 | 0036126 | 001623363 | 第二借阅区/ [索取号:I-5/29] | 在馆 |